| 000 | 00000cam 2200000zi 4500 |
| 001 | 9.958096 |
| 003 | CaOODSP |
| 005 | 20251209152904 |
| 006 | m o d f |
| 007 | cr |n||||||||| |
| 008 | 251209e19680815onc o f000 0 eng d |
| 040 | |aCaOODSP|beng|erda|cCaOODSP |
| 043 | |an-cn--- |
| 086 | 1 |aJS92-51/1968E-PDF |
| 100 | 1 |aMiller, Frank P., |eauthor. |
| 245 | 10|aHabitual criminals under preventive detention released on parole / |cF.P. Miller. |
| 250 | |aRevised. |
| 264 | 1|a[Ottawa] : |b[National Parole Service], |cAugust 15, 1968. |
| 300 | |a1 online resource (7 pages) |
| 336 | |atext|btxt|2rdacontent |
| 337 | |acomputer|bc|2rdamedia |
| 338 | |aonline resource|bcr|2rdacarrier |
| 500 | |aDigitized edition from print [produced by Public Safety Canada]. |
| 500 | |aCover title. |
| 650 | 0|aRecidivists|zCanada|xStatistics. |
| 650 | 0|aParole|zCanada. |
| 650 | 6|aRécidivistes|zCanada|vStatistiques. |
| 650 | 6|aLibération conditionnelle|zCanada. |
| 710 | 1 |aCanada.|bNational Parole Service, |eissuing body. |
| 856 | 40|qPDF|s1301 KB|uhttps://publications.gc.ca/collections/collection_2025/sp-ps/JS92-51-1968-eng.pdf |